Regions of Iberia - Statistics

General Stats
  • This quiz has been taken 861 times
  • The average score is 36 of 73
Answers on the Map
Answers color-coded by a green-red scale on the quiz's map according to % correct below.
 
Answer Stats
Country Answer % Correct
Spain Madrid
93%
Portugal Lisboa
91%
Spain Barcelona
89%
Portugal Porto
86%
Spain Valencia
84%
Spain Balears
83%
Spain Sevilla
80%
Andorra Andorra
77%
Spain Murcia
75%
Portugal Madeira
71%
Spain Málaga
70%
Spain Zaragoza
70%
Spain Granada
69%
Portugal Faro
67%
Spain León
67%
Spain Navarra
66%
Spain Asturias
64%
Spain Córdoba
64%
Spain A Coruña
61%
Spain Toledo
60%
Spain Cádiz
57%
Spain La Rioja
57%
Spain Cantabria
56%
Spain Alicante
55%
Portugal Braga
55%
Spain Girona
51%
Spain Valladolid
51%
Portugal Coimbra
50%
Spain Castellón
48%
Spain Las Palmas
48%
Spain Salamanca
47%
Spain Tarragona
47%
Spain Almería
45%
Spain Badajoz
45%
Spain Ceuta
45%
Spain Huelva
44%
Spain Melilla
44%
Portugal Setúbal
44%
Spain Jaén
42%
Spain Burgos
41%
Portugal Beja
40%
Portugal Bragança
40%
Portugal Évora
39%
Spain Lleida
39%
Spain Lugo
39%
Spain Santa Cruz de Tenerife
39%
Spain Albacete
38%
Portugal Aveiro
38%
Portugal Açores
37%
Spain Cáceres
37%
Spain Ciudad Real
37%
Spain Huesca
37%
Spain Ourense
36%
Portugal Santarém
36%
Portugal Vila Real
36%
Portugal Castelo Branco
35%
Spain Guadalajara
35%
Spain Segovia
35%
Portugal Leiria
34%
Portugal Viseu
34%
Spain Bizkaia
33%
Spain Cuenca
33%
Spain Teruel
33%
Portugal Viana do Castelo
33%
Spain Ávila
32%
Spain Palencia
32%
Spain Pontevedra
32%
Portugal Portalegre
32%
Portugal Guarda
30%
Spain Zamora
30%
Spain Soria
29%
Spain Gipuzkoa
28%
Spain Álava
27%
No matching quizzes found
Score Distribution
Percent of People with Each Score
Percentile by Number Answered
Your Score History
You have not taken this quiz